000
00313nam a22001457a 4500
003
OSt
005
20160727222408.0
008
160624b xxu||||| |||| 00| 0 eng d
040
_c
TEST
100
_9
905
_a
Morigan, D
245
_a
Care Bears
260
_a
PARVER BROTHERS
300
_a
Care Bears
942
_2
ddc
_c
BK
999
_c
718
_d
718